Feeling Good (Record no. 2069)

MARC details
000 -LEADER
fixed length control field 00242nam a22000857a 4500
008 - FIXED-LENGTH DATA ELEMENTS--GENERAL INFORMATION
fixed length control field 160706b xxu||||| |||| 00| 0 eng d
100 ## - MAIN ENTRY--PERSONAL NAME
9 (RLIN) 2391
Personal name Burns D D
245 ## - TITLE STATEMENT
Title Feeling Good
Remainder of title The New Mood Therapy
260 ## - PUBLICATION, DISTRIBUTION, ETC. (IMPRINT)
Place of publication, distribution, etc. New York
Name of publisher, distributor, etc. New American Library
Date of publication, distribution, etc. 1980
Holdings
Withdrawn status Lost status Source of classification or shelving scheme Damaged status Not for loan Home library Current library Shelving location Date acquired Total Checkouts Full call number Barcode Date last seen Date last checked out Price effective from Koha item type
    Dewey Decimal Classification     Good Samaritan School Library Good Samaritan School Library FICTION 07/06/2016 1 150 BUR1168 07/13/2016 07/06/2016 07/06/2016 BOOK

Powered by Koha